Shrestha Asamiya samalosana sahitya/ (Record no. 8066)

MARC details
000 -LEADER
fixed length control field 00608cam a2200205ua 4500
005 - DATE AND TIME OF LATEST TRANSACTION
control field 20260515114418.0
008 - FIXED-LENGTH DATA ELEMENTS--GENERAL INFORMATION
fixed length control field 150219n ii |||gr||||Z||||||asm
040 ## - CATALOGING SOURCE
Transcribing agency MAIN
Original cataloging agency IN-DiNC
041 ## - LANGUAGE CODE
Language code of sung or spoken text asm
082 ## - DEWEY DECIMAL CLASSIFICATION NUMBER
Classification number 891.4514
Item number SHR
245 1# - TITLE STATEMENT
Title Shrestha Asamiya samalosana sahitya/
Statement of responsibility, etc. Edited by Homen Borgohain
250 ## - EDITION STATEMENT
Edition statement 1st.
260 ## - PUBLICATION, DISTRIBUTION, ETC.
Place of publication, distribution, etc. Guwahati:
Name of publisher, distributor, etc. Publication Board Assam,
Date of publication, distribution, etc. 2010.
300 ## - PHYSICAL DESCRIPTION
Extent 626p.
650 ## - SUBJECT ADDED ENTRY--TOPICAL TERM
Topical term or geographic name entry element Critical essays on Assamese literature
653 ## - INDEX TERM--UNCONTROLLED
Uncontrolled term East Indo-European & Celtic literatures
653 ## - INDEX TERM--UNCONTROLLED
Uncontrolled term Assamese literature
700 ## - ADDED ENTRY--PERSONAL NAME
Personal name Borgohain, Homen
Relator term Editor
942 ## - ADDED ENTRY ELEMENTS (KOHA)
Koha item type Books
Source of classification or shelving scheme Dewey Decimal Classification
Holdings
Withdrawn status Lost status Source of classification or shelving scheme Damaged status Not for loan Collection Home library Current library Shelving location Date acquired Cost, normal purchase price Total checkouts Full call number Barcode Date last seen Copy number Price effective from Koha item type Date last checked out
    Dewey Decimal Classification       Naharkatiya College Library Naharkatiya College Library General stacks 09/19/2020 550.00   891.4514 SHR 21901 09/19/2020 1 09/19/2020 Books  
    Dewey Decimal Classification       Naharkatiya College Library Naharkatiya College Library General stacks 09/19/2020 550.00 1 891.4514 SHR 24368 02/12/2024 2 09/19/2020 Books 12/09/2020
    Dewey Decimal Classification       Naharkatiya College Library Naharkatiya College Library General stacks 09/19/2020 550.00   891.4514 SHR 24369 09/19/2020 3 09/19/2020 Books  
    Dewey Decimal Classification       Naharkatiya College Library Naharkatiya College Library General stacks 04/03/2023 550.00 1 891.4514 SHR 26105 04/08/2024 4 04/03/2023 Books 04/02/2024